| 000 | 00809pam a2200229 a 4500 | ||
|---|---|---|---|
| 001 | 2468696 | ||
| 005 | 20250223085938.0 | ||
| 008 | 901029s1992 pauaf b 001 0 eng c | ||
| 020 | _a0721629768 | ||
| 050 | 0 | 0 |
_aRJ45 _b.N4 1992 |
| 082 | 0 | 0 |
_a618.92 _220 |
| 245 | 0 | 0 |
_aNelson textbook of pediatrics / _ceditor, Richard E. Behrman ; associate editor, Robert M. Kliegman ; senior editors, Waldo E. Nelson, Victor C. Vaughan, III. |
| 250 | _a14th ed. | ||
| 260 |
_aPhiladelphia : _bW. B. Saunders, _cc1992. |
||
| 300 |
_axxxii, 1965, [6] leaves of plates : _bill. (some col.) ; _c29 cm. |
||
| 650 | 0 | _aPediatrics. | |
| 650 | 2 | _aPediatrics. | |
| 700 | 1 |
_aNelson, Waldo E. _q(Waldo Emerson), _d1898-1997. |
|
| 700 | 1 |
_aBehrman, Richard E., _d1931- |
|
| 700 | 1 | _aKliegman, Robert. | |
| 942 |
_2lcc _cBK _e14th ed. _n0 |
||
| 999 |
_c4154 _d4154 |
||